[Event "Deutsche Ländermeisterschaft 2020"]
[Site "Berlin GER"]
[Date "2020.10.04"]
[Round "7"]
[White "Fromm, Marius"]
[Black "Jeschke, Jan"]
[Result "1/2-1/2"]
[Termination "unterminated"]
[Board "8.1"]
[WhiteElo "2190"]
[BlackElo "2043"]
[WhiteClock "00:08:36"]
[BlackClock "00:27:19"]
[WhiteTeam "Mecklenburg-Vorpommern"]
[BlackTeam "Saarland"]
[PlyCount "104"]
[WhiteFideId "12993190"]
[BlackFideId "16225430"]
[EventCountry "GER"]
[EventRounds "7"]
[EventType "team-swiss"]
[EventDate "2020.09.29"]

1. e4 {[%clk 1:30:55]} e6 {[%clk 1:30:45]} 2. d4 {[%clk 1:31:21]} d5 {[%clk
1:31:01]} 3. Nc3 {[%clk 1:31:46]} Bb4 {[%clk 1:31:09]} 4. e5 {[%clk 1:32:12]}
c5 {[%clk 1:31:01]} 5. a3 {[%clk 1:32:33]} Bxc3+ {[%clk 1:31:23]} 6. bxc3
{[%clk 1:32:58]} Ne7 {[%clk 1:31:10]} 7. Qg4 {[%clk 1:33:19]} Qc7 {[%clk
1:31:02]} 8. Qxg7 {[%clk 1:33:41]} Rg8 {[%clk 1:31:22]} 9. Qxh7 {[%clk
1:34:07]} cxd4 {[%clk 1:31:19]} 10. Qd3 {[%clk 1:34:26]} dxc3 {[%clk 1:23:16]}
11. Ne2 {[%clk 1:33:20]} Qxe5 {[%clk 1:23:05]} 12. Qxc3 {[%clk 1:33:39]} Qxc3+
{[%clk 1:23:21]} 13. Nxc3 {[%clk 1:34:04]} e5 {[%clk 1:22:30]} 14. Rb1 {[%clk
1:33:59]} Nbc6 {[%clk 1:21:23]} 15. h4 {[%clk 1:34:20]} b6 {[%clk 1:13:11]} 16.
Nb5 {[%clk 1:33:16]} Kd7 {[%clk 1:13:25]} 17. h5 {[%clk 1:18:28]} Bb7 {[%clk
1:05:51]} 18. f3 {[%clk 0:51:25]} Rac8 {[%clk 0:56:32]} 19. a4 {[%clk 0:43:38]}
Nf5 {[%clk 0:42:43]} 20. Bd3 {[%clk 0:38:14]} e4 {[%clk 0:42:25]} 21. fxe4
{[%clk 0:35:33]} dxe4 {[%clk 0:39:42]} 22. Bxe4 {[%clk 0:28:16]} Rce8 {[%clk
0:29:55]} 23. O-O {[%clk 0:28:21]} Rxe4 {[%clk 0:30:12]} 24. Rxf5 {[%clk
0:28:31]} Ne7 {[%clk 0:18:21]} 25. Rf2 {[%clk 0:27:48]} Re1+ {[%clk 0:16:51]}
26. Kh2 {[%clk 0:28:14]} Nf5 {[%clk 0:16:17]} 27. Ra1 {[%clk 0:23:49]} Rg4
{[%clk 0:16:19]} 28. Rd2+ {[%clk 0:16:06]} Kc8 {[%clk 0:16:33]} 29. Ra3 {[%clk
0:16:28]} Rh4+ {[%clk 0:11:16]} 30. Rh3 {[%clk 0:16:54]} Rxh3+ {[%clk 0:11:33]}
31. Kxh3 {[%clk 0:17:20]} Rxc1 {[%clk 0:11:14]} 32. Nxa7+ {[%clk 0:16:12]} Kb8
{[%clk 0:10:48]} 33. Nb5 {[%clk 0:16:36]} Bc8 {[%clk 0:08:19]} 34. Kg4 {[%clk
0:13:56]} f6 {[%clk 0:08:16]} 35. Rd8 {[%clk 0:13:28]} Ng7+ {[%clk 0:06:22]}
36. Kf3 {[%clk 0:12:52]} Nxh5 {[%clk 0:06:23]} 37. Rg8 {[%clk 0:09:30]} Rf1+
{[%clk 0:03:20]} 38. Ke2 {[%clk 0:07:47]} Rf5 {[%clk 0:02:50]} 39. Rxc8+ {[%clk
0:08:10]} Kxc8 {[%clk 0:03:16]} 40. Nd6+ {[%clk 0:08:35]} Kd7 {[%clk 0:03:12]}
41. Nxf5 {[%clk 0:09:00]} Nf4+ {[%clk 0:02:20]} 42. Kf3 {[%clk 0:07:05]} Nd5
{[%clk 0:01:22]} 43. Ng7 {[%clk 0:23:12]} Ke7 {[%clk 0:26:12]} 44. Ke4 {[%clk
0:21:12]} Nc3+ {[%clk 0:26:36]} 45. Kf5 {[%clk 0:13:25]} Nd5 {[%clk 0:25:47]}
46. Ke4 {[%clk 0:12:43]} Nc3+ {[%clk 0:26:13]} 47. Kd4 {[%clk 0:13:04]} Nxa4
{[%clk 0:26:37]} 48. Kc4 {[%clk 0:13:23]} Nb2+ {[%clk 0:26:21]} 49. Kb5 {[%clk
0:13:48]} Nd1 {[%clk 0:26:45]} 50. g4 {[%clk 0:09:03]} Nf2 {[%clk 0:26:50]} 51.
Nf5+ {[%clk 0:08:11]} Ke6 {[%clk 0:27:09]} 52. Ne3 {[%clk 0:08:36]} Ke5 {[%clk
0:27:19]} 1/2-1/2

[Event "Deutsche Ländermeisterschaft 2020"]
[Site "Berlin GER"]
[Date "2020.10.04"]
[Round "7"]
[White "Chassard, Cedric"]
[Black "Lange, Jannis"]
[Result "1/2-1/2"]
[Termination "unterminated"]
[Board "8.2"]
[WhiteElo "1916"]
[BlackElo "2126"]
[WhiteClock "00:31:31"]
[BlackClock "00:16:54"]
[WhiteTeam "Saarland"]
[BlackTeam "Mecklenburg-Vorpommern"]
[PlyCount "92"]
[WhiteFideId "16243536"]
[BlackFideId "12993107"]
[EventCountry "GER"]
[EventRounds "7"]
[EventType "team-swiss"]
[EventDate "2020.09.29"]

1. e4 {[%clk 1:30:57]} c5 {[%clk 1:30:54]} 2. Nf3 {[%clk 1:31:25]} Nc6 {[%clk
1:31:18]} 3. Bb5 {[%clk 1:31:47]} g6 {[%clk 1:31:41]} 4. Bxc6 {[%clk 1:32:16]}
dxc6 {[%clk 1:32:04]} 5. d3 {[%clk 1:32:39]} Bg7 {[%clk 1:32:20]} 6. h3 {[%clk
1:33:01]} Nf6 {[%clk 1:32:00]} 7. Nc3 {[%clk 1:33:10]} Nd7 {[%clk 1:31:46]} 8.
Be3 {[%clk 1:33:33]} e5 {[%clk 1:31:52]} 9. Qd2 {[%clk 1:33:58]} h6 {[%clk
1:31:50]} 10. O-O {[%clk 1:34:26]} b6 {[%clk 1:31:44]} 11. Nh2 {[%clk 1:34:31]}
Nf8 {[%clk 1:31:05]} 12. f4 {[%clk 1:35:00]} exf4 {[%clk 1:30:39]} 13. Bxf4
{[%clk 1:35:27]} Ne6 {[%clk 1:27:49]} 14. Bg3 {[%clk 1:34:11]} Nd4 {[%clk
1:20:39]} 15. Nf3 {[%clk 1:33:17]} Be6 {[%clk 1:15:16]} 16. Rae1 {[%clk
1:31:43]} Nxf3+ {[%clk 1:05:05]} 17. Rxf3 {[%clk 1:31:57]} Bd4+ {[%clk
1:05:22]} 18. Kh1 {[%clk 1:31:56]} Qg5 {[%clk 0:58:46]} 19. Bf4 {[%clk
1:23:56]} Qh5 {[%clk 0:57:06]} 20. Be3 {[%clk 1:11:57]} Be5 {[%clk 0:40:08]}
21. Bf4 {[%clk 1:08:27]} Bd4 {[%clk 0:39:26]} 22. Be3 {[%clk 0:58:05]} g5
{[%clk 0:36:49]} 23. Rg3 {[%clk 0:32:49]} Be5 {[%clk 0:35:57]} 24. Ne2 {[%clk
0:31:16]} O-O-O {[%clk 0:33:31]} 25. Rf3 {[%clk 0:23:55]} g4 {[%clk 0:23:11]}
26. Nf4 {[%clk 0:19:56]} Bxf4 {[%clk 0:18:29]} 27. Rxf4 {[%clk 0:20:16]} gxh3
{[%clk 0:18:49]} 28. g3 {[%clk 0:19:15]} Qe5 {[%clk 0:13:26]} 29. Qc3 {[%clk
0:16:46]} Qxc3 {[%clk 0:10:12]} 30. bxc3 {[%clk 0:17:13]} h5 {[%clk 0:09:44]}
31. Kh2 {[%clk 0:17:10]} Rdg8 {[%clk 0:08:32]} 32. Rg1 {[%clk 0:16:14]} Kb7
{[%clk 0:06:47]} 33. a4 {[%clk 0:14:53]} c4 {[%clk 0:03:30]} 34. a5 {[%clk
0:12:17]} b5 {[%clk 0:03:49]} 35. Bd4 {[%clk 0:11:31]} Rh7 {[%clk 0:03:40]} 36.
Bc5 {[%clk 0:10:58]} Rd8 {[%clk 0:03:38]} 37. d4 {[%clk 0:11:08]} a6 {[%clk
0:03:47]} 38. Rgf1 {[%clk 0:07:31]} Rd7 {[%clk 0:03:29]} 39. Re1 {[%clk
0:06:20]} Rg7 {[%clk 0:02:59]} 40. Rg1 {[%clk 0:05:15]} Rg5 {[%clk 0:03:14]}
41. Ba3 {[%clk 0:04:13]} Rg6 {[%clk 0:01:38]} 42. Bb4 {[%clk 0:04:02]} Rg8
{[%clk 0:01:25]} 43. Bc5 {[%clk 0:02:23]} Re8 {[%clk 0:00:52]} 44. Bb4 {[%clk
0:02:15]} Kc8 {[%clk 0:22:18]} 45. Bc5 {[%clk 0:31:59]} Bg4 {[%clk 0:18:55]}
46. Rgf1 {[%clk 0:31:31]} Be6 {[%clk 0:16:54]} 1/2-1/2

[Event "Deutsche Ländermeisterschaft 2020"]
[Site "Berlin GER"]
[Date "2020.10.04"]
[Round "7"]
[White "Großmann, Piet"]
[Black "Zimmer, Luca"]
[Result "0-1"]
[Termination "unterminated"]
[Board "8.3"]
[WhiteElo "1849"]
[BlackElo "1690"]
[WhiteClock "00:09:18"]
[BlackClock "00:18:55"]
[WhiteTeam "Mecklenburg-Vorpommern"]
[BlackTeam "Saarland"]
[PlyCount "52"]
[WhiteFideId "16234359"]
[BlackFideId "12921424"]
[EventCountry "GER"]
[EventRounds "7"]
[EventType "team-swiss"]
[EventDate "2020.09.29"]

1. e4 {[%clk 1:30:54]} e6 {[%clk 1:30:54]} 2. d4 {[%clk 1:31:14]} d5 {[%clk
1:31:19]} 3. Nc3 {[%clk 1:31:28]} Bb4 {[%clk 1:31:43]} 4. e5 {[%clk 1:31:27]}
c5 {[%clk 1:32:07]} 5. a3 {[%clk 1:31:46]} Bxc3+ {[%clk 1:32:30]} 6. bxc3
{[%clk 1:32:11]} Ne7 {[%clk 1:32:46]} 7. Qg4 {[%clk 1:32:17]} Qc7 {[%clk
1:32:32]} 8. Qxg7 {[%clk 1:30:30]} Rg8 {[%clk 1:32:47]} 9. Qxh7 {[%clk
1:30:53]} cxd4 {[%clk 1:33:12]} 10. Ne2 {[%clk 1:28:24]} dxc3 {[%clk 1:25:28]}
11. f4 {[%clk 1:27:00]} Nbc6 {[%clk 1:19:30]} 12. Qd3 {[%clk 1:27:16]} d4
{[%clk 1:16:24]} 13. Nxd4 {[%clk 1:20:47]} Nxd4 {[%clk 1:16:48]} 14. Qxd4
{[%clk 1:21:14]} Nf5 {[%clk 1:17:08]} 15. Qf2 {[%clk 1:02:35]} Bd7 {[%clk
1:12:21]} 16. Be2 {[%clk 0:54:12]} Rd8 {[%clk 1:04:20]} 17. Bf3 {[%clk
0:44:33]} Bc6 {[%clk 0:48:26]} 18. Rb1 {[%clk 0:31:01]} Bxf3 {[%clk 0:38:53]}
19. gxf3 {[%clk 0:29:01]} Qd7 {[%clk 0:36:10]} 20. Be3 {[%clk 0:15:39]} Nxe3
{[%clk 0:36:19]} 21. Qxe3 {[%clk 0:16:04]} Qd2+ {[%clk 0:17:40]} 22. Qxd2
{[%clk 0:16:33]} Rxd2 {[%clk 0:17:59]} 23. Rxb7 {[%clk 0:08:24]} Rgg2 {[%clk
0:18:18]} 24. Rb3 {[%clk 0:08:45]} Rxc2 {[%clk 0:18:09]} 25. Kd1 {[%clk
0:09:02]} Rgd2+ {[%clk 0:18:34]} 26. Ke1 {[%clk 0:09:18]} Rc1# {[%clk 0:18:55]}
0-1

[Event "Deutsche Ländermeisterschaft 2020"]
[Site "Berlin GER"]
[Date "2020.10.04"]
[Round "7"]
[White "Herrmann, Jakob"]
[Black "Müller, Maximilian"]
[Result "1/2-1/2"]
[Termination "unterminated"]
[Board "8.5"]
[WhiteElo "1504"]
[BlackElo "1691"]
[WhiteClock "00:08:22"]
[BlackClock "00:02:58"]
[WhiteTeam "Mecklenburg-Vorpommern"]
[BlackTeam "Saarland"]
[PlyCount "72"]
[WhiteFideId "16287169"]
[BlackFideId "16243552"]
[EventCountry "GER"]
[EventRounds "7"]
[EventType "team-swiss"]
[EventDate "2020.09.29"]

1. e4 {[%clk 1:30:54]} e6 {[%clk 1:30:58]} 2. d4 {[%clk 1:31:16]} d5 {[%clk
1:31:24]} 3. e5 {[%clk 1:31:40]} c5 {[%clk 1:31:51]} 4. c3 {[%clk 1:32:04]} Nc6
{[%clk 1:32:18]} 5. Nf3 {[%clk 1:32:19]} Qb6 {[%clk 1:32:26]} 6. Be2 {[%clk
1:32:42]} Nh6 {[%clk 1:31:36]} 7. Bxh6 {[%clk 1:32:54]} gxh6 {[%clk 1:31:19]}
8. Qd2 {[%clk 1:33:09]} Bd7 {[%clk 1:24:18]} 9. O-O {[%clk 1:20:55]} Rc8 {[%clk
1:13:23]} 10. Rd1 {[%clk 1:14:07]} cxd4 {[%clk 1:00:33]} 11. cxd4 {[%clk
1:13:45]} Ne7 {[%clk 0:54:47]} 12. Bd3 {[%clk 1:00:38]} Bb5 {[%clk 0:45:31]}
13. Bxb5+ {[%clk 0:58:43]} Qxb5 {[%clk 0:46:00]} 14. Nc3 {[%clk 0:56:55]} Qd7
{[%clk 0:46:07]} 15. Ne2 {[%clk 0:53:34]} Nf5 {[%clk 0:29:13]} 16. Nf4 {[%clk
0:47:43]} Ng7 {[%clk 0:23:08]} 17. Rac1 {[%clk 0:45:14]} Rxc1 {[%clk 0:21:33]}
18. Rxc1 {[%clk 0:44:47]} Be7 {[%clk 0:20:33]} 19. Nd3 {[%clk 0:35:35]} Nf5
{[%clk 0:18:41]} 20. Nc5 {[%clk 0:33:28]} Bxc5 {[%clk 0:19:00]} 21. Rxc5 {[%clk
0:33:43]} b6 {[%clk 0:19:06]} 22. Rc3 {[%clk 0:33:08]} Rg8 {[%clk 0:12:30]} 23.
Qc2 {[%clk 0:26:51]} Kd8 {[%clk 0:12:52]} 24. h3 h5 {[%clk 0:12:28]} 25. Qd2
{[%clk 0:14:09]} h6 {[%clk 0:12:32]} 26. Ne1 {[%clk 0:14:01]} Qa4 {[%clk
0:10:31]} 27. b4 {[%clk 0:10:43]} Qd7 {[%clk 0:10:13]} 28. Nc2 {[%clk 0:10:18]}
Rg6 {[%clk 0:05:14]} 29. Ne3 {[%clk 0:10:00]} Ne7 {[%clk 0:05:15]} 30. Qc2
{[%clk 0:08:40]} Rg7 {[%clk 0:04:55]} 31. a3 {[%clk 0:07:31]} Rg6 {[%clk
0:04:45]} 32. Kh2 {[%clk 0:07:27]} Rg7 {[%clk 0:03:32]} 33. Kg1 {[%clk
0:07:47]} Rg6 {[%clk 0:03:08]} 34. Kh2 {[%clk 0:08:11]} a6 {[%clk 0:02:58]} 35.
a4 {[%clk 0:07:57]} Rg7 {[%clk 0:02:53]} 36. Kg1 {[%clk 0:08:22]} Rg6 {[%clk
0:02:58]} 1/2-1/2